Catalog

Record Details

Catalog Search



Krize, nebo konec kapitalismu?  Cover Image Book Book

Krize, nebo konec kapitalismu? / Jiří Pehe (ed.)

Record details

  • ISBN: 978-80-7260-267-4 (brož.) :
  • Physical Description: 294 s. ; 18 cm
  • Edition: Vyd. 1.
  • Publisher: Praha : Prostor, 2012

Content descriptions

Bibliography, etc. Note:
Obsahuje bibliografické odkazy
Subject: moderní společnost > 21. stol.
kapitalismus > 21. stol.
západní civilizace > 21. stol.
sociální změna > 21. stol.
modern society > 21st century
capitalism > 21st century
western civilization > 21st century
social change > 21st century
Genre: eseje
essays

Available copies

  • 1 of 1 copy available at Common Catalog SPOK.

Holds

  • 0 current holds with 1 total copy.
Show Only Available Copies
Location Call Number / Copy Notes Barcode Shelving Location Status Due Date
Jabok Library Soc-5.3 424480030484 Odborná literatura Available -

LDR 01597nam a2200493 a 4500
00117806
003CZ-PrJAB
00520130816101811.0
007ta
008120906s2012 xr e 000 0 cze
015 . ‡acnb002396041
020 . ‡a978-80-7260-267-4 (brož.) : ‡cKč 250,00
035 . ‡a(CONS)17806
035 . ‡a(CZ PrNK)nkc20122396041
035 . ‡a(OCoLC)817049569
040 . ‡aABA001 ‡bcze
045 . ‡ay-y-
072 7. ‡a316.4 ‡xSociální procesy ‡2Konspekt ‡918
080 . ‡a316.42"15/19" ‡2MRF
080 . ‡a316.323.6 ‡2MRF
080 . ‡a330.342.14 ‡2MRF
080 . ‡a316.72/.75(1-15) ‡2MRF
080 . ‡a316.42 ‡2MRF
080 . ‡a(0:82-4) ‡2MRF
24500. ‡aKrize, nebo konec kapitalismu? / ‡cJiří Pehe (ed.)
24630. ‡aKonec kapitalismu?
250 . ‡aVyd. 1.
260 . ‡aPraha : ‡bProstor, ‡c2012
300 . ‡a294 s. ; ‡c18 cm
504 . ‡aObsahuje bibliografické odkazy
648 7. ‡a21. stol. ‡7ch460559 ‡2czenas
65007. ‡amoderní společnost ‡7ph122942 ‡y21. stol. ‡2czenas
65007. ‡akapitalismus ‡7ph121442 ‡y21. stol. ‡2czenas
65007. ‡azápadní civilizace ‡7ph127736 ‡y21. stol. ‡2czenas
65007. ‡asociální změna ‡7ph125820 ‡y21. stol. ‡2czenas
65009. ‡amodern society ‡y21st century ‡2eczenas
65009. ‡acapitalism ‡y21st century ‡2eczenas
65009. ‡awestern civilization ‡y21st century ‡2eczenas
65009. ‡asocial change ‡y21st century ‡2eczenas
655 7. ‡aeseje ‡7fd132213 ‡2czenas
655 9. ‡aessays ‡2eczenas
7001 . ‡aPehe, Jiří, ‡d1955- ‡7jk01092279 ‡4edt
910 . ‡aABG312
9281 . ‡aProstor
901 . ‡a17806 ‡b ‡c17806 ‡tbiblio

Additional Resources